| 000 | 01000nam a2200277Ia 4500 | ||
|---|---|---|---|
| 001 | 16209 | ||
| 003 | GE_BSU | ||
| 008 | 181216s||||||||xx |||||||||||||| ||und|| | ||
| 020 | _a9789941423369 | ||
| 040 | _cGE_BSU | ||
| 080 | _a616-053.2(075.8) | ||
| 100 | _aმანჯავიძე,ნინო;მეგრელიშვილი,გიული | ||
| 245 | _aპედიატრია.ტ.2 | ||
| 245 | _bსახ–ლო უმაღლ.სამედიც.სასწ.სტუდენტებისათვის | ||
| 245 | _cშემდგ.ქეთევან გოგბერაშვილი | ||
| 250 | _a1-ლი გამოც. | ||
| 260 | _aთბილისი | ||
| 260 | _bშპს ,,თობალისი | ||
| 260 | _c2012 | ||
| 300 | _a868გვ;სურ;23სმ, | ||
| 300 | _cბიბლიოგრ.გვ.845-855 | ||
| 541 | _h49ლ. | ||
| 653 | _aმედიცინა | ||
| 653 | _aპედიატრია | ||
| 942 | _cBK | ||
| 999 |
_c49293 _d49293 |
||